Crude oil windfall profit tax act of 1980 : law and explanation.

Bibliographic Details
Corporate Authors: United States, Commerce Clearing House
Format: Book
Language:English
Published: Chicago, Ill. : Commerce Clearing House, [1980]
Series:Current law handybook.
Subjects:

MARC

Tag First Indicator Second Indicator Subfields
LEADER 00000cam a2200000 a 4500
001 in00000083160
005 20151008055612.0
008 800416s1980 ilu 00100 eng d
035 |a (OCoLC)06208437 
035 |9 AAJ3897AM 
040 |a SPI  |c SPI  |d m.c.  |d TXA  |d UtOrBLW 
043 |a n-us--- 
049 |a TXAM  |c [387799] 
090 |a KF6472.119  |b .U54 1980a 
092 |a 343.73077  |b COMM 
110 1 |a United States. 
240 1 0 |a Crude Oil Windfall Profit Tax Act of 1980 
245 1 0 |a Crude oil windfall profit tax act of 1980 : law and explanation. 
264 1 |a Chicago, Ill. :  |b Commerce Clearing House,  |c [1980] 
264 4 |c ©1980 
300 |a 60, 2001-2167 pages ;  |c 23 cm. 
336 |a text  |b txt  |2 rdacontent 
337 |a unmediated  |b n  |2 rdamedia 
338 |a volume  |b nc  |2 rdacarrier 
490 1 |a CCH Current law handybook edition 
500 |a Includes index. 
500 |a "Act approval date: April 2, 1980." 
610 1 0 |a United States.  |t Crude Oil Windfall Profit Tax Act of 1980. 
650 0 |a Excess profits tax  |z United States. 
650 0 |a Petroleum  |x Taxation  |z United States. 
710 2 |a Commerce Clearing House. 
830 0 |a Current law handybook. 
999 |a MARS 
999 f f |s 93e1c080-562b-3b46-a0f4-caf8524cd9f1  |i 48b37bf7-0201-355c-80c2-6520cf7a32a0  |t 0 
952 f f |p ric  |a Texas A&M University  |b Rellis Campus  |c Joint Library Facility  |d Remote Storage  |t 0  |e KF6472.119 .U54 1980a  |h Library of Congress classification  |i unmediated -- volume  |m A14806156995 
998 f f |a KF6472.119 .U54 1980a  |t 0  |l Remote Storage